000
00323nam a2200121Ia 4500
008
191201s1993 xx 000 0 und d
100
_a
KLEIN, Werner
245
0
_a
Manual of Textile Technology New Spninning Systems
260
_a
N. Delhi
_b
Textile Institute
_c
1993
300
_a
50
650
_a
B.Tech(TE)
942
_2
ddc
_c
BK
999
_c
5184
_d
5184